000 01014cam a22002651i 4500
003 SA-RiAUC
005 20250922125314.0
008 250913s2000 le g 000r0 ara c
040 _aSA-RiAUC
_bara
_cSA-RiAUC
_erda
082 0 4 _a251.17
_qSA-RiAUC
090 _a251.17
_b ك م ا
100 1 _aالكمالي، عبد الله يحيى،
_d1966-
_eمؤلف.
245 1 2 _aالشريعة الإسلامية وفقه الموازنات /
_cعبد الله يحيى الكمالي.
250 _aالطبعة الأولى.
264 1 _aبيروت :
_bدار ابن حزم،
_c2000
300 _a168 صفحة ؛
_c22 سم.
336 _aنص
_btxt
_2rdacontent
_3كتاب
337 _aبدون وسيط
_bn
_2rdamedia
338 _aمجلد
_bnc
_2rdacarrier
490 0 _aسلسلة فقه الأولويات ؛
_v1
650 7 _aالمصالح المرسلة (أصول فقه)
_2aucsh
650 7 _aالفقه الإسلامي
_2aucsh
942 _2ddc
_cBOOK
_n0
949 _aSA-JeALM
_d250913
_umohamedma123
_n1
999 _c12007
_d12007